000
00344nam a2200145Ia 4500
008
150201s2010 xx 000 0 und d
082
_a
610.73678
_b
R10D
100
_a
DESAI , PANKAJ
245
_a
RECURRENT SPOMTANEOUS MISECRRIAGES
250
_a
1ST
260
_b
JAYPEE
_a
DELHI
_c
2010
300
_a
103
650
_a
NURSING
942
_2
ddc
_c
BK
999
_c
2008
_d
2008